01021nam a2200217 a 450000100100000000500170001000800410002702000180006804000250008608200160011110000390012724500850016626000590025130000260031050000570033650400320039395201280042595201140055395201190066799900170078600003911520201002031512.0130523s2012 dr 000 0 spa d a9789945475487 aDO-SdBNPbspacBNPHU axxxxbT853g1 aTroncoso Morales, Bolívar91092210aGeografía del turismo en República Dominicana /cBolívar Troncoso Morales. aSanto Domingo :bSección Nacional Dominicana,c2012. a367 p. :bils. ;c25. aIncluye datos biográficos del autor en las solapas aBibliografía : p. 365-367 001054708DSaGRbGRcHDd2013-05-23iLF1l0oxxxx T853gp39115-30r2020-06-25te.3w2020-06-25yLFDSZPréstamo en sala 0010718PDaPDbPDcHDd2013-05-23iLF1l0oxxxx T853gp39115-10r2020-06-25w2020-06-25yLFPDZNo se presta 0010718PDaPDbPDcHDd2013-05-23iLF1l0oxxxx T853gp39115-20r2020-06-25te.2w2020-06-25yLFPDZNo se presta c38605d38605